[Event "Liga Madrileña - DH 2013-2014"]
[Site "Madrid ESP"]
[Date "2014.01.25"]
[Round "7.34"]
[White "Morona Minguez, Irene"]
[Black "Martin Rueda, Daniel"]
[Result "0-1"]
[WhiteElo "1983"]
[BlackElo "2315"]
[PlyCount "68"]
[EventDate "2013.11.18"]
[EventType "team-tourn"]
[EventRounds "14"]
[EventCountry "ESP"]
[Source "lmi"]
[SourceDate "2013.11.18"]
[WhiteTeam "Vallecas CDV"]
[BlackTeam "Liberty Chess"]
[WhiteTeamCountry "ESP"]
[BlackTeamCountry "ESP"]

1. e4 c5 2. Nf3 e6 3. d4 cxd4 4. Nxd4 a6 5. Bd3 Bc5 6. Nb3 Be7 7. Nc3 d6 8. Bf4
Nc6 9. a4 Nf6 10. O-O O-O 11. Qe2 b6 12. Bg3 Nb4 13. e5 dxe5 14. Rad1 Nxd3 15.
Rxd3 Qe8 16. Qxe5 Bb7 17. Qc7 Bd5 18. Qxb6 Bc4 19. Rfd1 Bxd3 20. Rxd3 Qc8 21.
a5 Rd8 22. Rxd8+ Qxd8 23. Nd4 Nd5 24. Qxd8+ Bxd8 25. Nxd5 exd5 26. Nc6 Bf6 27.
Kf1 Rc8 28. Nb4 Bxb2 29. Nxa6 Bc3 30. Ke2 Bxa5 31. Kd1 h5 32. Be5 Re8 33. f4 f6
34. Nc7 Re7 0-1

[Event "Liga Madrileña - DH 2013-2014"]
[Site "Madrid ESP"]
[Date "2014.01.25"]
[Round "7.35"]
[White "Suarez Trigueros, Jose Alfonso"]
[Black "Rios Rebollo, Victor"]
[Result "1-0"]
[WhiteElo "2080"]
[BlackElo "1911"]
[PlyCount "134"]
[EventDate "2013.11.18"]
[EventType "team-tourn"]
[EventRounds "14"]
[EventCountry "ESP"]
[Source "lmi"]
[SourceDate "2013.11.18"]
[WhiteTeam "Liberty Chess"]
[BlackTeam "Vallecas CDV"]
[WhiteTeamCountry "ESP"]
[BlackTeamCountry "ESP"]

1. e4 e6 2. d4 d5 3. Nc3 Nf6 4. Bg5 dxe4 5. Nxe4 Be7 6. Bxf6 Bxf6 7. c3 c6 8.
Nxf6+ Qxf6 9. Qf3 Nd7 10. Bd3 O-O 11. Qxf6 Nxf6 12. Nf3 b6 13. Ne5 Bb7 14. O-O
Rac8 15. Rfd1 c5 16. Be2 Rfd8 17. dxc5 bxc5 18. Rxd8+ Rxd8 19. Rd1 Rxd1+ 20.
Bxd1 Kf8 21. Nd3 Nd7 22. Ba4 c4 23. Bxd7 cxd3 24. Ba4 e5 25. f3 f5 26. Kf2 Ke7
27. Ke3 e4 28. f4 Bd5 29. a3 Kd6 30. b4 Be6 31. Kd4 Bd7 32. Bb3 Be6 33. c4 Kc7
34. g3 Bf7 35. Bd1 Kd6 36. Bb3 Kc7 37. g4 g6 38. g5 Be6 39. Bd1 Bd7 40. h4 Kd6
41. a4 Kc7 42. a5 Kd6 43. b5 Kc7 44. Bb3 Kb7 45. Kc3 Be6 46. Ba4 Kb8 47. c5 Kb7
48. b6 axb6 49. cxb6 Bf7 50. Bb5 Bd5 51. Kd4 Bc6 52. Bc4 d2 53. Bb3 Ka6 54. Ke3
Kxa5 55. Kxd2 Kxb6 56. Bg8 Kc5 57. Ke3 Bd5 58. Bxh7 Bf7 59. h5 gxh5 60. Bxf5
Kd6 61. Bxe4 Ke7 62. f5 Bb3 63. Kf4 Kf7 64. Ke5 h4 65. g6+ Kg8 66. Kf4 Bd1 67.
Bd5+ Kg7 1-0

[Event "Liga Madrileña - DH 2013-2014"]
[Site "Madrid ESP"]
[Date "2014.01.25"]
[Round "7.36"]
[White "Ballesteros Galvez, Daniel"]
[Black "Clemente Sanchez, Eduardo"]
[Result "1/2-1/2"]
[WhiteElo "1789"]
[BlackElo "1855"]
[PlyCount "90"]
[EventDate "2013.11.18"]
[EventType "team-tourn"]
[EventRounds "14"]
[EventCountry "ESP"]
[Source "lmi"]
[SourceDate "2013.11.18"]
[WhiteTeam "Vallecas CDV"]
[BlackTeam "Liberty Chess"]
[WhiteTeamCountry "ESP"]
[BlackTeamCountry "ESP"]

1. e4 c5 2. c3 g6 3. d4 cxd4 4. cxd4 Bg7 5. Nf3 d6 6. h3 Nc6 7. Be3 Nf6 8. Nc3
O-O 9. Bc4 a6 10. Bb3 Bd7 11. O-O Rc8 12. Qd2 Na5 13. Bh6 Nxb3 14. axb3 Qb6 15.
Bxg7 Kxg7 16. e5 Ne8 17. Nd5 Qxb3 18. Nxe7 Rc2 19. Qf4 Qe6 20. exd6 Qxd6 21.
Qxd6 Nxd6 22. b4 Re8 23. Nd5 Bb5 24. Rfe1 Ree2 25. Rxe2 Bxe2 26. Ne1 Rd2 27.
Nc3 Bc4 28. Nf3 Rd3 29. Rc1 Be6 30. Kf1 Bc4 31. Ke1 b5 32. Rc2 Nf5 33. Rc1 f6
34. Ne4 Nxd4 35. Nxd4 Rxd4 36. Nc5 Kf7 37. Ra1 Rd5 38. Rxa6 Re5+ 39. Kd1 Re2
40. Ra7+ Kg8 41. g3 f5 42. Nd7 h5 43. Nf6+ Kf8 44. Nh7+ Ke8 45. Nf6+ Kf8
1/2-1/2

[Event "Liga Madrileña - DH 2013-2014"]
[Site "Madrid ESP"]
[Date "2014.01.25"]
[Round "7.41"]
[White "Huerga Leache, Mikel"]
[Black "Aranda Marin, Cristian"]
[Result "1-0"]
[WhiteElo "2441"]
[BlackElo "2303"]
[PlyCount "93"]
[EventDate "2013.11.18"]
[EventType "team-tourn"]
[EventRounds "14"]
[EventCountry "ESP"]
[Source "lmi"]
[SourceDate "2013.11.18"]
[WhiteTeam "64 Villalba"]
[BlackTeam "San Fernando de Henares"]
[WhiteTeamCountry "ESP"]
[BlackTeamCountry "ESP"]

1. d4 Nf6 2. Nc3 d5 3. Bg5 c5 4. Bxf6 gxf6 5. e4 dxe4 6. dxc5 Qa5 7. Qh5 f5 8.
Bb5+ Nc6 9. Nh3 Bg7 10. O-O O-O 11. a3 h6 12. Rab1 Nd4 13. a4 Qb4 14. Rfe1 e6
15. Re3 Nxb5 16. axb5 Qxc5 17. Rxe4 e5 18. Re3 a6 19. Rg3 Kh8 20. Ng5 f4 21.
Nge4 Qe7 22. Nd5 Qe6 23. Rxg7 Kxg7 24. Nc7 Qf5 25. Qe2 Bd7 26. bxa6 bxa6 27.
Nxa8 Rxa8 28. Rd1 Bc6 29. f3 Bxe4 30. fxe4 Qe6 31. Rd5 Qb6+ 32. Kf1 Qxb2 33. g3
Kh7 34. Qh5 Qc1+ 35. Rd1 Qxc2 36. Qxf7+ Kh8 37. Qf6+ Kg8 38. Qg6+ Kf8 39. Qxh6+
Kg8 40. Qg6+ Kh8 41. Qh5+ Kg8 42. Qg4+ Kh8 43. Rd7 Qc1+ 44. Kg2 f3+ 45. Qxf3
Qh6 46. Qf5 Re8 47. g4 1-0

[Event "Liga Madrileña - DH 2013-2014"]
[Site "Madrid ESP"]
[Date "2014.01.25"]
[Round "7.42"]
[White "Fernandez Blazquez, Diego"]
[Black "Espinosa Aranda, Angel"]
[Result "1/2-1/2"]
[WhiteElo "2195"]
[BlackElo "2387"]
[PlyCount "83"]
[EventDate "2013.11.18"]
[EventType "team-tourn"]
[EventRounds "14"]
[EventCountry "ESP"]
[Source "lmi"]
[SourceDate "2013.11.18"]
[WhiteTeam "San Fernando de Henares"]
[BlackTeam "64 Villalba"]
[WhiteTeamCountry "ESP"]
[BlackTeamCountry "ESP"]

1. e4 c5 2. Nf3 Nc6 3. d4 cxd4 4. Nxd4 g6 5. c4 Bg7 6. Be3 Nf6 7. Nc3 O-O 8.
Be2 d6 9. O-O Bd7 10. f3 Nxd4 11. Bxd4 a5 12. Qd2 Bc6 13. Rfd1 Nd7 14. Be3 a4
15. b4 axb3 16. axb3 Rxa1 17. Rxa1 Nc5 18. Rb1 Qa8 19. b4 Qa3 20. Nb5 Bxb5 21.
bxc5 Bc6 22. cxd6 Qxd6 23. Qxd6 exd6 24. Rd1 Be5 25. f4 Bc3 26. Rxd6 Bxe4 27.
Bd4 Bxd4+ 28. Rxd4 Re8 29. Rd2 Ra8 30. Kf2 Ra3 31. Rd4 Bc6 32. Rd3 Ra2 33. g3
Kf8 34. Ke3 Ke7 35. Rd2 Rxd2 36. Kxd2 Kd6 37. Kc3 Kc5 38. Bd3 b6 39. h4 Bd7 40.
h5 Be6 41. hxg6 h6 42. Be2 1/2-1/2

[Event "Liga Madrileña - DH 2013-2014"]
[Site "Madrid ESP"]
[Date "2014.01.25"]
[Round "7.43"]
[White "Bermejo Martinez, Jorge"]
[Black "Jimenez Lopez, Antonio"]
[Result "1-0"]
[WhiteElo "2309"]
[BlackElo "2107"]
[PlyCount "99"]
[EventDate "2013.11.18"]
[EventType "team-tourn"]
[EventRounds "14"]
[EventCountry "ESP"]
[Source "lmi"]
[SourceDate "2013.11.18"]
[WhiteTeam "64 Villalba"]
[BlackTeam "San Fernando de Henares"]
[WhiteTeamCountry "ESP"]
[BlackTeamCountry "ESP"]

1. d4 Nf6 2. c4 g6 3. Nc3 Bg7 4. Nf3 d6 5. g3 O-O 6. Bg2 Nbd7 7. O-O e5 8. e4
exd4 9. Nxd4 Re8 10. h3 a6 11. Re1 Ne5 12. b3 Rb8 13. Bb2 c5 14. Nc2 b5 15. f4
Ned7 16. cxb5 axb5 17. Qxd6 b4 18. Na4 c4 19. Rad1 Bf8 20. Qd4 c3 21. Bc1 Qa5
22. Be3 Rd8 23. e5 Nh5 24. g4 Ng7 25. Qa7 Ba6 26. Rxd7 Rxd7 27. Qxd7 Bb5 28.
Qa7 Qxa7 29. Bxa7 Rd8 30. Bc5 Bxa4 31. Bxf8 Bxb3 32. axb3 Kxf8 33. Nxb4 Rb8 34.
Nd5 Rxb3 35. Rc1 Ne6 36. Kh2 h5 37. gxh5 gxh5 38. Be4 h4 39. f5 Rb2+ 40. Kh1
Nc5 41. Nxc3 Nd7 42. e6 fxe6 43. fxe6 Nf6 44. Bf5 Rf2 45. Be4 Nh5 46. Kg1 Rf6
47. Rf1 Nf4 48. Rxf4 Rxf4 49. e7+ Kf7 50. Bg6+ 1-0

[Event "Liga Madrileña - DH 2013-2014"]
[Site "Madrid ESP"]
[Date "2014.01.25"]
[Round "7.44"]
[White "Ocana Lameiro, Oliver"]
[Black "Napoli, Nicolo"]
[Result "0-1"]
[WhiteElo "2044"]
[BlackElo "2285"]
[PlyCount "78"]
[EventDate "2013.11.18"]
[EventType "team-tourn"]
[EventRounds "14"]
[EventCountry "ESP"]
[Source "lmi"]
[SourceDate "2013.11.18"]
[WhiteTeam "San Fernando de Henares"]
[BlackTeam "64 Villalba"]
[WhiteTeamCountry "ESP"]
[BlackTeamCountry "ESP"]

1. Nf3 Nf6 2. c4 c5 3. Nc3 g6 4. g3 Bg7 5. Bg2 O-O 6. O-O d5 7. cxd5 Nxd5 8. d4
cxd4 9. Nxd4 Nxc3 10. bxc3 Qa5 11. Qb3 Na6 12. Ba3 Re8 13. Qb5 Qxb5 14. Nxb5
Bd7 15. Rab1 Bc6 16. Bxc6 bxc6 17. Nd4 Rac8 18. Rb7 e5 19. Nf3 Rc7 20. Rfb1 Bf6
21. Bd6 Rxb7 22. Rxb7 Re6 23. Ba3 c5 24. Rxa7 g5 25. e4 Rd6 26. Ra8+ Kg7 27.
Kg2 g4 28. Ne1 Bg5 29. Nc2 h5 30. Ne3 Bxe3 31. fxe3 Nc7 32. Rc8 Rd2+ 33. Kg1
Ne6 34. Bxc5 Ng5 35. a4 Nf3+ 36. Kf1 Nxh2+ 37. Kg1 Nf3+ 38. Kf1 h4 39. gxh4 g3
0-1

[Event "Liga Madrileña - DH 2013-2014"]
[Site "Madrid ESP"]
[Date "2014.01.25"]
[Round "7.45"]
[White "Lopez del Alamo, Antonio"]
[Black "Garcia Suarez, Joaquin"]
[Result "1-0"]
[WhiteElo "2281"]
[BlackElo "2038"]
[PlyCount "63"]
[EventDate "2013.11.18"]
[EventType "team-tourn"]
[EventRounds "14"]
[EventCountry "ESP"]
[Source "lmi"]
[SourceDate "2013.11.18"]
[WhiteTeam "64 Villalba"]
[BlackTeam "San Fernando de Henares"]
[WhiteTeamCountry "ESP"]
[BlackTeamCountry "ESP"]

1. e4 c6 2. d4 d5 3. Nc3 g6 4. Nf3 Bg7 5. h3 dxe4 6. Nxe4 Nd7 7. Bc4 Ngf6 8.
Qe2 Nxe4 9. Qxe4 O-O 10. Be3 Qa5+ 11. c3 Nb6 12. Bb3 Bf5 13. Qxe7 Nd5 14. Bxd5
cxd5 15. O-O Rfe8 16. Qh4 Qb6 17. b3 Rac8 18. Rfc1 Qa5 19. Bh6 f6 20. Bxg7 Kxg7
21. Qf4 Rxc3 22. Rxc3 Qxc3 23. Rc1 Qb4 24. Rc7+ Re7 25. g4 Bd7 26. g5 Qb6 27.
Rxb7 fxg5 28. Qxg5 Qd6 29. Ne5 Kf8 30. Rxa7 Bxh3 31. Rxe7 Qxe7 32. Qh6+ 1-0

[Event "Liga Madrileña - DH 2013-2014"]
[Site "Madrid ESP"]
[Date "2014.01.25"]
[Round "7.46"]
[White "Fernandez Gil, Ruben Carlos"]
[Black "Rodriguez Perez, David Antonio"]
[Result "*"]
[WhiteElo "2043"]
[BlackElo "2018"]
[PlyCount "46"]
[EventDate "2013.11.18"]
[EventType "team-tourn"]
[EventRounds "14"]
[EventCountry "ESP"]
[Source "lmi"]
[SourceDate "2013.11.18"]
[WhiteTeam "San Fernando de Henares"]
[BlackTeam "64 Villalba"]
[WhiteTeamCountry "ESP"]
[BlackTeamCountry "ESP"]

1. e4 c5 2. Nf3 d6 3. d4 cxd4 4. Nxd4 Nf6 5. Nc3 g6 6. Be3 Bg7 7. f3 O-O 8. Bc4
Nc6 9. Qd2 Bd7 10. O-O-O Rb8 11. h4 Na5 12. Bb3 b5 13. h5 Nc4 14. Bxc4 bxc4 15.
g4 Qb6 16. Qh2 Rfc8 17. hxg6 hxg6 18. Bh6 Nxe4 19. Ndb5 Be5 20. Bf4 Bxf4+ 21.
Qxf4 Nf2 22. Qh6 Nxh1 23. Rxh1 Qd4 *

[Event "Liga Madrileña - DH 2013-2014"]
[Site "Madrid ESP"]
[Date "2014.02.01"]
[Round "8.11"]
[White "Moreno Trujillo, Alejandro"]
[Black "Taboas Rodriguez, Daniel"]
[Result "1-0"]
[WhiteElo "2541"]
[BlackElo "2398"]
[PlyCount "89"]
[EventDate "2013.11.18"]
[EventType "team-tourn"]
[EventRounds "14"]
[EventCountry "ESP"]
[Source "lmi"]
[SourceDate "2013.11.18"]
[WhiteTeam "64 Villalba"]
[BlackTeam "Blanco y Negro"]
[WhiteTeamCountry "ESP"]
[BlackTeamCountry "ESP"]

1. d4 d5 2. Bf4 Nf6 3. e3 Bg4 4. f3 Bf5 5. Nc3 e6 6. g4 Bg6 7. h4 h5 8. g5 Ng8
9. Nb5 Na6 10. c4 c6 11. c5 Qa5+ 12. Nc3 Nb8 13. a3 Qd8 14. b4 a6 15. Nge2 Nd7
16. Bg3 Ne7 17. e4 f5 18. gxf6 Nxf6 19. Nf4 Bf7 20. Bh3 dxe4 21. fxe4 Ng4 22.
Qd2 e5 23. Nfe2 exd4 24. Nxd4 g6 25. Bxg4 hxg4 26. O-O-O Bg7 27. Qe3 O-O 28.
Nxc6 Nxc6 29. Rxd8 Raxd8 30. Nd5 Rfe8 31. Qf4 Rxe4 32. Nf6+ Bxf6 33. Qxe4 Rd4
34. Qe3 Rc4+ 35. Kd2 Nd4 36. Rf1 Nf5 37. Qg1 Rc3 38. Be1 Rxa3 39. Qxg4 Ra2+ 40.
Kd3 Ra3+ 41. Ke2 Ra2+ 42. Bd2 Nd4+ 43. Kd3 Ra3+ 44. Ke4 Bg7 45. Qc8+ 1-0

[Event "Liga Madrileña - DH 2013-2014"]
[Site "Madrid ESP"]
[Date "2014.02.01"]
[Round "8.12"]
[White "Alarcia Astriz, Carlos"]
[Black "Huerga Leache, Mikel"]
[Result "1/2-1/2"]
[WhiteElo "2331"]
[BlackElo "2441"]
[PlyCount "69"]
[EventDate "2013.11.18"]
[EventType "team-tourn"]
[EventRounds "14"]
[EventCountry "ESP"]
[Source "lmi"]
[SourceDate "2013.11.18"]
[WhiteTeam "Blanco y Negro"]
[BlackTeam "64 Villalba"]
[WhiteTeamCountry "ESP"]
[BlackTeamCountry "ESP"]

1. e4 c5 2. Nf3 Nc6 3. d4 cxd4 4. Nxd4 e6 5. Nc3 Qc7 6. Be3 a6 7. Be2 Nf6 8. a3
d6 9. O-O Be7 10. f4 O-O 11. f5 Nxd4 12. Qxd4 Nd7 13. fxe6 fxe6 14. Rxf8+ Nxf8
15. Rd1 Ng6 16. Qb6 Qb8 17. Na4 Bd7 18. Nc5 Bc8 19. Na4 Bd7 20. Qb3 Bxa4 21.
Qxa4 Ne5 22. Qb3 Qc8 23. Bf4 Bf6 24. Bxe5 Bxe5 25. Bg4 Kh8 26. Kh1 Qc6 27. Bxe6
Rf8 28. Qd3 Qe8 29. Bg4 Qf7 30. g3 Qg6 31. Be2 Bxb2 32. Rf1 Rxf1+ 33. Bxf1 Qf6
34. Kg2 b5 35. c4 1/2-1/2

[Event "Liga Madrileña - DH 2013-2014"]
[Site "Madrid ESP"]
[Date "2014.02.01"]
[Round "8.13"]
[White "Espinosa Aranda, Angel"]
[Black "Renteria Becerra, Jorge Elicer"]
[Result "1-0"]
[WhiteElo "2387"]
[BlackElo "2311"]
[PlyCount "63"]
[EventDate "2013.11.18"]
[EventType "team-tourn"]
[EventRounds "14"]
[EventCountry "ESP"]
[Source "lmi"]
[SourceDate "2013.11.18"]
[WhiteTeam "64 Villalba"]
[BlackTeam "Blanco y Negro"]
[WhiteTeamCountry "ESP"]
[BlackTeamCountry "ESP"]

1. e4 d6 2. d4 Nf6 3. Nc3 e5 4. Nf3 Nbd7 5. Bc4 Be7 6. O-O O-O 7. Re1 c6 8. a4
b6 9. h3 a6 10. Ba2 Rb8 11. Be3 b5 12. axb5 axb5 13. b4 Qc7 14. Qd3 h6 15. Nh4
exd4 16. Qxd4 Ne5 17. f4 Nh7 18. Bf2 Nc4 19. Bxc4 bxc4 20. Qxc4 Be6 21. Nd5
Bxh4 22. Bxh4 Rb7 23. f5 cxd5 24. Qxc7 Rxc7 25. fxe6 fxe6 26. exd5 g5 27. Bg3
e5 28. Ra6 Rc3 29. Kh2 Rd8 30. Rc6 Ra3 31. c4 Nf6 32. Bxe5 1-0

[Event "Liga Madrileña - DH 2013-2014"]
[Site "Madrid ESP"]
[Date "2014.02.01"]
[Round "8.14"]
[White "Garrido Olivares, Ricard"]
[Black "Lopez del Alamo, Antonio"]
[Result "0-1"]
[WhiteElo "2216"]
[BlackElo "2281"]
[PlyCount "132"]
[EventDate "2013.11.18"]
[EventType "team-tourn"]
[EventRounds "14"]
[EventCountry "ESP"]
[Source "lmi"]
[SourceDate "2013.11.18"]
[WhiteTeam "Blanco y Negro"]
[BlackTeam "64 Villalba"]
[WhiteTeamCountry "ESP"]
[BlackTeamCountry "ESP"]

1. c4 Nf6 2. g3 g6 3. Bg2 Bg7 4. Nc3 O-O 5. e4 d6 6. Nge2 e5 7. d3 c6 8. O-O a6
9. a4 a5 10. f4 Ng4 11. Qe1 f5 12. h3 Qb6+ 13. Kh1 Nf6 14. Kh2 Na6 15. Qd1 Nb4
16. Rf3 Be6 17. Be3 Qc7 18. b3 Nxd3 19. Qxd3 fxe4 20. Nxe4 Nxe4 21. Rff1 Nf6
22. Rad1 Rad8 23. Nc3 Bf5 24. Qd2 Nd7 25. g4 Be6 26. Ne4 Nc5 27. Ng5 Bc8 28. f5
gxf5 29. gxf5 Bf6 30. Bxc5 dxc5 31. Qe3 Rxd1 32. Rxd1 Bxf5 33. Ne4 Bg7 34. Rg1
b6 35. Kh1 Kh8 36. Ng3 Bg6 37. Ne4 Qd7 38. Re1 Rf4 39. Ng3 Rd4 40. Qf3 Rd3 41.
Re3 e4 42. Nxe4 Rd1+ 43. Bf1 Qd4 44. Ng3 Qd7 45. Kh2 Kg8 46. Bg2 Bh6 47. Rc3
Qd4 48. Ne2 Qe5+ 49. Ng3 Re1 50. Bf1 Be3 51. Rd3 Qb2+ 52. Be2 Bxd3 53. Qg4+ Bg6
54. Qe6+ Kf8 55. Qxe3 Qd4 56. Qf3+ Kg8 57. Bf1 Re3 58. Qxc6 Qe5 59. Qc8+ Kg7
60. Qd7+ Kh6 61. Qg4 Rxb3 62. Qh4+ Kg7 63. Bg2 b5 64. axb5 a4 65. Qg4 a3 66. h4
Qxg3+ 0-1

[Event "Liga Madrileña - DH 2013-2014"]
[Site "Madrid ESP"]
[Date "2014.02.01"]
[Round "8.15"]
[White "Dougan Maho, Harold"]
[Black "Rivas Vila, David"]
[Result "0-1"]
[WhiteElo "2221"]
[BlackElo "2211"]
[PlyCount "122"]
[EventDate "2013.11.18"]
[EventType "team-tourn"]
[EventRounds "14"]
[EventCountry "ESP"]
[Source "lmi"]
[SourceDate "2013.11.18"]
[WhiteTeam "64 Villalba"]
[BlackTeam "Blanco y Negro"]
[WhiteTeamCountry "ESP"]
[BlackTeamCountry "ESP"]

1. e4 c5 2. f4 Nc6 3. Nf3 g6 4. d3 Bg7 5. c3 d5 6. Qc2 Nf6 7. Be2 O-O 8. O-O
dxe4 9. dxe4 b6 10. f5 Bb7 11. e5 Ng4 12. e6 Nce5 13. exf7+ Rxf7 14. Ng5 Rf6
15. h3 Nh6 16. fxg6 hxg6 17. Nd2 Qd5 18. Nde4 Rxf1+ 19. Bxf1 Rf8 20. Be3 Nf5
21. Bf2 Nd6 22. Rd1 Qc6 23. Ng3 Rf6 24. c4 Bh6 25. Rd5 Nexc4 26. Bxc4 Nxc4 27.
Rd8+ Kg7 28. N5e4 Nd6 29. Rxd6 Rxd6 30. Be1 Re6 31. Bc3+ Kh7 32. Qf2 Qe8 33.
Qf3 Bc6 34. Qg4 Qf7 35. Ng5+ Bxg5 36. Qxg5 Kg8 37. Qh6 Qh7 38. Qf4 Qf7 39. Qh6
Qh7 40. Qf4 Rd6 41. Qe5 Kf7 42. Ne4 Bxe4 43. Qxe4 Qh5 44. Kh2 Qf5 45. Qe3 e5
46. Qe2 Qf4+ 47. g3 Qf5 48. h4 Re6 49. Qd2 Qf3 50. Qh6 Rf6 51. Qh7+ Ke6 52.
Qg8+ Ke7 53. Qg7+ Kd6 54. Be1 Qe2+ 55. Kh3 Qf1+ 56. Kh2 Kc6 57. a4 a6 58. Qh8
Kd5 59. Qd8+ Ke4 60. Qd2 Rf5 61. Qc2+ Qd3 0-1

[Event "Liga Madrileña - DH 2013-2014"]
[Site "Madrid ESP"]
[Date "2014.02.01"]
[Round "8.16"]
[White "Aguado Solana, Juan"]
[Black "Fernandez Bonilla, Miguel Arcangel"]
[Result "1/2-1/2"]
[WhiteElo "2099"]
[BlackElo "1758"]
[PlyCount "40"]
[EventDate "2013.11.18"]
[EventType "team-tourn"]
[EventRounds "14"]
[EventCountry "ESP"]
[Source "lmi"]
[SourceDate "2013.11.18"]
[WhiteTeam "Blanco y Negro"]
[BlackTeam "64 Villalba"]
[WhiteTeamCountry "ESP"]
[BlackTeamCountry "ESP"]

1. e4 e5 2. Nf3 Nc6 3. Bb5 Nf6 4. O-O Nxe4 5. d4 Nd6 6. Bxc6 dxc6 7. dxe5 Nf5
8. Qxd8+ Kxd8 9. Bg5+ Ke8 10. Nc3 h6 11. Bd2 Be6 12. Rad1 Rd8 13. a3 a6 14.
Rfe1 c5 15. Ne4 Nd4 16. Nxd4 Rxd4 17. c3 Rd8 18. Be3 b6 19. b4 cxb4 20. cxb4
Be7 1/2-1/2

[Event "Liga Madrileña - DH 2013-2014"]
[Site "Madrid ESP"]
[Date "2014.02.02"]
[Round "8.21"]
[White "Candela Perez, Jose"]
[Black "Vallejo Diaz, Javier"]
[Result "1-0"]
[WhiteElo "2447"]
[BlackElo "2400"]
[PlyCount "105"]
[EventDate "2013.11.18"]
[EventType "team-tourn"]
[EventRounds "14"]
[EventCountry "ESP"]
[Source "lmi"]
[SourceDate "2013.11.18"]
[WhiteTeam "La Casa del Ajedrez"]
[BlackTeam "Liberty Chess"]
[WhiteTeamCountry "ESP"]
[BlackTeamCountry "ESP"]

1. d4 d5 2. c4 e6 3. Nc3 Nf6 4. Nf3 dxc4 5. e3 a6 6. Bxc4 c5 7. O-O Nc6 8. Qe2
Be7 9. dxc5 Bxc5 10. e4 Ng4 11. Bf4 Qf6 12. Bg3 Nge5 13. Nxe5 Nxe5 14. Nd5 exd5
15. exd5 O-O 16. Bxe5 Qb6 17. Qf3 Bd7 18. Rad1 Qb4 19. Qb3 Rfe8 20. Bc3 Qxb3
21. Bxb3 Bb5 22. Rfe1 Be2 23. Rd2 Bb5 24. Rxe8+ Rxe8 25. g3 Re1+ 26. Kg2 Bf1+
27. Kf3 Bd6 28. Rc2 Re8 29. Rc1 Bh3 30. Re1 Rd8 31. Bd2 h5 32. Bf4 Bb4 33. Re4
Bc5 34. Bc7 Rd7 35. Re8+ Kh7 36. Bf4 Bf5 37. Ke2 f6 38. Be3 Bd6 39. Bc4 Be5 40.
b4 Bg6 41. Re6 Bf7 42. Rb6 Bxd5 43. Bxd5 Rxd5 44. Rxb7 Bc3 45. a4 Kg6 46. a5
Bd4 47. Bxd4 Rxd4 48. Ke3 Rd1 49. Rb6 Rb1 50. Kd4 h4 51. gxh4 Kf5 52. Kc5 Kf4
53. Rxa6 1-0

[Event "Liga Madrileña - DH 2013-2014"]
[Site "Madrid ESP"]
[Date "2014.02.02"]
[Round "8.22"]
[White "Valles Moreno, Ivan"]
[Black "Gallego Jimenez, Victoriano"]
[Result "1-0"]
[WhiteElo "2373"]
[BlackElo "2367"]
[PlyCount "65"]
[EventDate "2013.11.18"]
[EventType "team-tourn"]
[EventRounds "14"]
[EventCountry "ESP"]
[Source "lmi"]
[SourceDate "2013.11.18"]
[WhiteTeam "Liberty Chess"]
[BlackTeam "La Casa del Ajedrez"]
[WhiteTeamCountry "ESP"]
[BlackTeamCountry "ESP"]

1. e4 c5 2. Nf3 e6 3. Nc3 a6 4. d4 cxd4 5. Nxd4 Nc6 6. Bf4 d6 7. Nxc6 bxc6 8.
Bc4 Nf6 9. Qe2 d5 10. exd5 cxd5 11. O-O-O Be7 12. Bb3 O-O 13. g4 Bb7 14. Rhg1
Bd6 15. Be3 Qc7 16. g5 Nd7 17. Rg4 Ne5 18. Ra4 Ng6 19. h4 Ne7 20. h5 Nf5 21. g6
fxg6 22. hxg6 hxg6 23. Rg4 Nxe3 24. fxe3 Rf6 25. e4 d4 26. Rxd4 Be5 27. Rd3
Raf8 28. Rg1 Bxc3 29. bxc3 Qf4+ 30. Kb2 Bxe4 31. Rd4 Bf3 32. Bxe6+ Kh7 33. Rh1+
1-0

[Event "Liga Madrileña - DH 2013-2014"]
[Site "Madrid ESP"]
[Date "2014.02.02"]
[Round "8.23"]
[White "Bass, Leonid"]
[Black "Sanchez Gonzalez, Sergio"]
[Result "1/2-1/2"]
[WhiteElo "2417"]
[BlackElo "2319"]
[PlyCount "104"]
[EventDate "2013.11.18"]
[EventType "team-tourn"]
[EventRounds "14"]
[EventCountry "ESP"]
[Source "lmi"]
[SourceDate "2013.11.18"]
[WhiteTeam "La Casa del Ajedrez"]
[BlackTeam "Liberty Chess"]
[WhiteTeamCountry "ESP"]
[BlackTeamCountry "ESP"]

1. d4 Nf6 2. c4 e6 3. Nf3 d5 4. Nc3 Bb4 5. cxd5 exd5 6. Bg5 Nbd7 7. e3 c5 8.
Qa4 O-O 9. dxc5 Bxc3+ 10. bxc3 Nxc5 11. Qh4 Bf5 12. Bxf6 gxf6 13. Qd4 Qb6 14.
Be2 Qb2 15. O-O Qxe2 16. Qxc5 Be4 17. Nd4 Qa6 18. Qc7 Rac8 19. Qg3+ Kh8 20. f3
Bg6 21. Rfc1 Rg8 22. Qf2 Qd3 23. Ne2 Rge8 24. Nf4 Qxe3 25. Qxe3 Rxe3 26. Nxd5
Rd3 27. Rd1 Rc5 28. Nxf6 Rcxc3 29. Rxd3 Rxd3 30. Rc1 Kg7 31. Ne8+ Kf8 32. Nf6
Ke7 33. Ne4 Bxe4 34. fxe4 Kd7 35. Rc2 Re3 36. Rc4 Ra3 37. Rc2 b5 38. Kf2 Kd6
39. Rd2+ Ke6 40. Ke2 b4 41. Kd1 a5 42. Kc1 Rc3+ 43. Kb2 Re3 44. Rd5 a4 45. Rd4
Re2+ 46. Kb1 Rxg2 47. Rxb4 Rxh2 48. Rxa4 h5 49. Ra5 Re2 50. Rxh5 Rxe4 51. Kc2
f5 52. Kd3 Ra4 1/2-1/2

[Event "Liga Madrileña - DH 2013-2014"]
[Site "Madrid ESP"]
[Date "2014.02.02"]
[Round "8.25"]
[White "Unciti Juan, Javier"]
[Black "Fernandez Garcia, Miguel Angel"]
[Result "0-1"]
[WhiteElo "2152"]
[BlackElo "2325"]
[PlyCount "112"]
[EventDate "2013.11.18"]
[EventType "team-tourn"]
[EventRounds "14"]
[EventCountry "ESP"]
[Source "lmi"]
[SourceDate "2013.11.18"]
[WhiteTeam "La Casa del Ajedrez"]
[BlackTeam "Liberty Chess"]
[WhiteTeamCountry "ESP"]
[BlackTeamCountry "ESP"]

1. e4 Nf6 2. e5 Nd5 3. d4 d6 4. c4 Nb6 5. exd6 exd6 6. Bd3 Nc6 7. Ne2 Bg4 8.
Be3 Be7 9. O-O O-O 10. Nbc3 Nb4 11. b3 Nxd3 12. Qxd3 c6 13. h3 Bh5 14. Nf4 Bg6
15. Nxg6 hxg6 16. Rad1 d5 17. Bf4 Bg5 18. Bxg5 Qxg5 19. f4 dxc4 20. bxc4 Qf5
21. c5 Qxd3 22. Rxd3 Nd7 23. Rb1 b6 24. Na4 b5 25. Nc3 Rfe8 26. Kf2 a5 27. Re3
Nf6 28. Rxe8+ Rxe8 29. Nxb5 Ne4+ 30. Kg1 cxb5 31. Rxb5 Nc3 32. Rxa5 Ne2+ 33.
Kf2 Nxd4 34. Ra4 Ne6 35. Rc4 Kf8 36. Kf3 Ke7 37. Ke4 Kd7 38. Kd5 Nc7+ 39. Kd4
Kc6 40. Kc3 Nd5+ 41. Kd4 Nxf4 42. Ra4 Ne6+ 43. Kc4 Nxc5 44. Ra7 Re4+ 45. Kc3
Nd7 46. Kd3 Rf4 47. Ke3 g5 48. Ra8 Rf6 49. a4 Re6+ 50. Kf3 Kb7 51. Rg8 g6 52.
Rd8 Ne5+ 53. Kg3 Ra6 54. Re8 Ra5 55. Kf2 Kc7 56. Ke3 Kd7 0-1